000 00310nam a2200121Ia 4500
008 230717s9999 xx 000 0 und d
020 _a1-874241-62-7
041 _aeng
082 _a346.059
_bCUR
100 _aCurzon L. B
245 _aEquity And Trusts
260 _aLondon
_bCavendish Publishing Limited
_c1993
999 _c671016
_d671016